|
|
|
|
| LEADER |
02248nam a2200421 4500 |
| 001 |
ocn774290287 |
| 003 |
OCoLC |
| 005 |
20180501121954.0 |
| 006 |
m o d |
| 007 |
cr cn||||||||| |
| 008 |
111222s2011 caua ob 001 0 eng d |
| 040 |
|
|
|a E7B
|b eng
|e pn
|c E7B
|d OPELS
|d N$T
|d OCLCQ
|d CDX
|d OCLCQ
|d OCLCF
|d OCLCQ
|d DEBBG
|d GrThAP
|
| 020 |
|
|
|a 9780123914262
|q (electronic bk.)
|
| 020 |
|
|
|a 0123914264
|q (electronic bk.)
|
| 020 |
|
|
|a 9780123914880
|q (electronic bk.)
|
| 020 |
|
|
|a 0123914884
|q (electronic bk.)
|
| 035 |
|
|
|a (OCoLC)774290287
|
| 050 |
|
4 |
|a QD421
|b .A45 2011eb
|
| 072 |
|
7 |
|a SCI
|x 007000
|2 bisacsh
|
| 082 |
0 |
4 |
|a 572/.549
|2 23
|
| 049 |
|
|
|a TEFA
|
| 245 |
0 |
4 |
|a The alkaloids :
|b chemistry and biology.
|n Volume 70 /
|c edited by Hans-Joachim Knölker.
|
| 250 |
|
|
|a 1st ed.
|
| 260 |
|
|
|a San Diego, Calif. :
|b Elsevier,
|c 2011.
|
| 300 |
|
|
|a 1 online resource (x, 166 pages) :
|b illustrations (some color).
|
| 336 |
|
|
|a text
|b txt
|2 rdacontent
|
| 337 |
|
|
|a computer
|b c
|2 rdamedia
|
| 338 |
|
|
|a online resource
|b cr
|2 rdacarrier
|
| 490 |
1 |
|
|a Alkaloids : chemistry and biology,
|x 1099-4831 ;
|v v. 70
|
| 504 |
|
|
|a Includes bibliographical references and indexes.
|
| 520 |
|
|
|a This series is world-renowned as the leading compilation of current reviews of this vast field. Internationally acclaimed for more than 40 years, The Alkaloids: Chemistry and Biology, founded by the late Professor R.H.F. Manske, continues to provide outstanding coverage of this rapidly expanding field. Each volume provides, through its distinguished authors, up-to-date and detailed coverage of particular classes or sources of alkaloids Up-to-date reviews on a large and very important group of natural products from both a chemical and biological perspective. Comprehensive, dynamic reviews written by leading authors in the respective fields. Broad coverage on the biological aspects.
|
| 650 |
|
0 |
|a Alkaloids.
|
| 650 |
|
7 |
|a SCIENCE
|x Life Sciences
|x Biochemistry.
|2 bisacsh
|
| 650 |
|
7 |
|a Alkaloids.
|2 fast
|0 (OCoLC)fst00805398
|
| 655 |
|
4 |
|a Electronic books.
|
| 700 |
1 |
|
|a Knölker, Hans-Joachim.
|
| 830 |
|
0 |
|a Alkaloids (San Diego, Calif.) ;
|v v. 70.
|
| 856 |
4 |
0 |
|u https://www.sciencedirect.com/science/bookseries/10994831/70
|z Full Text via HEAL-Link
|